000 00387nam a22001457a 4500
999 _c193650
_d193650
008 221107b ||||| |||| 00| 0 eng d
082 _a921-KAR
100 _aKARPURKAR,SUGANDHA
245 _aPAIN AND ITS MANAGEMENT
_hENGLISH
260 _aNEW DELHI
_bA.I.C.B
_cROHINI
270 _aA.I.C.B ,ROHINI NEW DELHI
300 _a.
_b.
_c12X13
490 _v1
942 _2ddc
_cBRLEN
_k921
_mKAR